Cities of Contra Costa County on a Map - Statistics

General Stats
  • This quiz has been taken 179 times
  • The average score is 13 of 19
Answers on the Map
Answers color-coded by a green-red scale on the quiz's map according to % correct below.
 
Answer Stats
Answer % Correct
Walnut Creek
86%
Antioch
84%
Concord
84%
Richmond
83%
San Ramon
77%
Danville
74%
Pittsburg
73%
Martinez
70%
Brentwood
66%
Orinda
65%
Lafayette
64%
Moraga
64%
Hercules
60%
Pleasant Hill
60%
Oakley
58%
El Cerrito
55%
San Pablo
55%
Clayton
52%
Pinole
49%
No matching quizzes found
Score Distribution
Percent of People with Each Score
Percentile by Number Answered
Your Score History
You have not taken this quiz